Central Library OPAC University of Rajshahi

The ego and the mechanisms of defence / (Record no. 29351)

MARC details
000 -LEADER
fixed length control field 00879cam a2200277 a 4500
001 - CONTROL NUMBER
control field 29351
003 - CONTROL NUMBER IDENTIFIER
rucl marc code BD-RjUL
005 - DATE AND TIME OF LATEST TRANSACTION
control field 20211209051413.0
008 - FIXED-LENGTH DATA ELEMENTS--GENERAL INFORMATION
fixed length control field 140403s1954 nyu 001 0 eng d
035 ## - SYSTEM CONTROL NUMBER
System control number (BD-RjUL)29436
System control number (NNC)3926753
040 ## - CATALOGING SOURCE
Original cataloging agency DLC
Transcribing agency ODaWU
Modifying agency *OCL*
-- NNU
-- CStRLIN
-- MiU
-- NNC-M
-- BD-RjUL
Language of cataloging eng
041 ## - LANGUAGE CODE
Language code of text/sound track or separate title eng
082 04 - DEWEY DECIMAL CLASSIFICATION NUMBER
Classification number 131.34124
Author mark and year FRE 1954
100 1# - MAIN ENTRY--PERSONAL NAME
Personal name Freud, Anna,
Dates associated with a name 1895-1982.
9 (RLIN) 89525
245 14 - TITLE STATEMENT
Title The ego and the mechanisms of defence /
Statement of responsibility, etc. Anna Freud, translated from the German by Cecil Baines.
260 ## - PUBLICATION, DISTRIBUTION, ETC. (IMPRINT)
Place of publication, distribution, etc. London :
Name of publisher, distributor, etc. The Hogarth Press,
Date of publication, distribution, etc. 1954.
300 ## - PHYSICAL DESCRIPTION
Pagination x, 196 p. ;
Size 22 cm.
490 #0 - SERIES STATEMENT
Series statement The International Psycho-Analytical Library
Volume/sequential designation No 30
504 ## - BIBLIOGRAPHY, ETC. NOTE
Bibliography, etc Includes index.
650 #2 - SUBJECT ADDED ENTRY--TOPICAL TERM
Topical term or geographic name as entry element Psychoanalysis.
9 (RLIN) 89526
700 1# - ADDED ENTRY--PERSONAL NAME
Personal name Baines, Cecil.
942 ## - ADDED ENTRY ELEMENTS (KOHA)
Source of classification or shelving scheme Dewey Decimal Classification
Koha item type Books
Holdings
Lost status Source of classification or shelving scheme Damaged status Not for loan Collection code Permanent Location Current Location Shelving location Date acquired Source of acquisition Cost, normal purchase price Total Checkouts Full call number Date last seen Copy number Koha item type
  Dewey Decimal Classification   Added to bundle Non-fiction Central Library, University of Rajshahi Central Library, University of Rajshahi Reading Room 05/04/1956 A. B. C. 10.20   131.34124 FRE 1954 03/04/2014 C-1 Books